<?xml version="1.0" encoding="UTF-8"?>
<collection xmlns="http://www.loc.gov/MARC21/slim">
 <record>
  <leader>00739pamaa2200193   4500</leader>
  <controlfield tag="001">0000046029</controlfield>
  <controlfield tag="005">20090828090000.0</controlfield>
  <controlfield tag="008">090828                             eng  </controlfield>
  <datafield tag="020" ind1="0" ind2="0">
   <subfield code="a">9559832514151 / 9832514150 </subfield>
  </datafield>
  <datafield tag="090" ind1="0" ind2="0">
   <subfield code="a">LG396.5.A61 </subfield>
   <subfield code="b">ZUL 2002</subfield>
  </datafield>
  <datafield tag="100" ind1="1" ind2="1">
   <subfield code="a">Zulfigar bin Yasin </subfield>
  </datafield>
  <datafield tag="245" ind1="1" ind2="0">
   <subfield code="a">@usm.my : </subfield>
   <subfield code="b">merentasi alaf = </subfield>
   <subfield code="l">transcending the Millennium  </subfield>
   <subfield code="c">photographs and text by Zulfigar bin Yasin.</subfield>
  </datafield>
  <datafield tag="250" ind1="0" ind2="0">
   <subfield code="a">1st ed.</subfield>
  </datafield>
  <datafield tag="260" ind1="0" ind2="0">
   <subfield code="a">Penang: </subfield>
   <subfield code="b">Universiti Sains Malaysia, </subfield>
   <subfield code="c">2002.</subfield>
  </datafield>
  <datafield tag="300" ind1=" " ind2=" ">
   <subfield code="a">96 p.: </subfield>
   <subfield code="b">chiefly col. ill.; </subfield>
   <subfield code="c">32 cm.</subfield>
  </datafield>
  <datafield tag="650" ind1="0" ind2="0">
   <subfield code="a">Universiti Sains Malaysia -- </subfield>
   <subfield code="x">Pictorial works </subfield>
  </datafield>
  <datafield tag="650" ind1="0" ind2="0">
   <subfield code="a">Public universities and colleges -- </subfield>
   <subfield code="x">Pictorial works -- </subfield>
   <subfield code="z">Malaysia </subfield>
  </datafield>
  <datafield tag="650" ind1="0" ind2="0">
   <subfield code="a">Education, Higher -- </subfield>
   <subfield code="z">Malaysia </subfield>
  </datafield>
  <datafield tag="901" ind1=" " ind2=" ">
   <subfield code="u">www.usm.edu.my</subfield>
  </datafield>
 </record>
</collection>
